[Event "2021 FIDE Online Olympiad"]
[Site "Chess.com"]
[Date "2021.09.04"]
[Round "8"]
[Board "1"]
[White "Song, Raymond"]
[Black "Rahman, Ziaur"]
[Result "1/2-1/2"]
[WhiteElo "2254"]
[BlackElo "2537"]
[PlyCount "56"]
[EventDate "2021.09.02"]
[EventType "team"]
[EventRounds "9"]
[EventCountry "FID"]
[WhiteTeam "Chinese Taipei"]
[BlackTeam "Bangladesh"]

1. d4  d5  2. c4  e6  3. Nf3  Nf6  4. g3  Be7  5. Bg2  O-O  6. Nc3  dxc4  7. Ne5  c5  8. dxc5  Qxd1+  9. Nxd1  Nbd7  10. Nxc4  Nxc5  11. O-O  Bd7  12. Ne5  Rad8  13. Nxd7  Rxd7  14. Nc3  a5  15. Bf4  Bd6  16. Bg5  h6  17. Bxf6  gxf6  18. Rfd1  Rfd8  19. f4  f5  20. Kf1  Kg7  21. e3  Be7  22. Rxd7  Rxd7  23. Rd1  Rxd1+  24. Nxd1  Bf6  25. b3  b6  26. Ke2  Kf8  27. Bc6  Ke7  28. Nf2  Kd6   1/2-1/2

[Event "2021 FIDE Online Olympiad"]
[Site "Chess.com"]
[Date "2021.09.04"]
[Round "8"]
[Board "2"]
[White "Uddin, Mohammad Minhaz"]
[Black "Liu, Yeh Yang"]
[Result "1-0"]
[WhiteElo "2328"]
[BlackElo "2004"]
[PlyCount "53"]
[EventDate "2021.09.02"]
[EventType "team"]
[EventRounds "9"]
[EventCountry "FID"]
[WhiteTeam "Bangladesh"]
[BlackTeam "Chinese Taipei"]

1. e4  c6  2. d4  d5  3. exd5  cxd5  4. c4  Nf6  5. Nc3  e6  6. Nf3  Nc6  7. Bd3  dxc4  8. Bxc4  Be7  9. O-O  O-O  10. a3  a6  11. Bg5  b5  12. Ba2  Bb7  13. Rc1  Rc8  14. Re1  h6  15. Bh4  Nd5  16. Nxd5  Bxh4  17. Nf4  Re8  18. d5  Bg5  19. Nxg5  Qxg5  20. dxc6  Bxc6  21. g3  Qf6  22. Rc3  Rcd8  23. Qe2  e5  24. Nh5  Qd6  25. Rec1  Ba8  26. Rc7  Rd7  27. Qg4   1-0

[Event "2021 FIDE Online Olympiad"]
[Site "Chess.com"]
[Date "2021.09.04"]
[Round "8"]
[Board "3"]
[White "Chen, Chi"]
[Black "Sultana, Sharmin Shirin"]
[Result "0-1"]
[WhiteElo "1353"]
[BlackElo "2084"]
[PlyCount "112"]
[EventDate "2021.09.02"]
[EventType "team"]
[EventRounds "9"]
[EventCountry "FID"]
[WhiteTeam "Chinese Taipei"]
[BlackTeam "Bangladesh"]

1. d4  d5  2. Nf3  Nf6  3. c4  c6  4. Nc3  a6  5. c5  Bg4  6. Bf4  Nbd7  7. Qc2  Nh5  8. Bg3  Nxg3  9. hxg3  g6  10. e3  Bg7  11. Bd3  e5  12. Nh2  Be6  13. Qa4  O-O  14. Ne2  b5  15. Qd1  a5  16. a3  Qe7  17. O-O  a4  18. Qd2  Qf6  19. Rad1  Bf5  20. Bxf5  Qxf5  21. Nf3  Rfe8  22. Nh4  Qh5  23. Nf3  Qf5  24. Nh4  Qg4  25. Nf3  h5  26. Nh2  Qf5  27. Nf3  g5  28. Nc3  e4  29. Nh2  Re6  30. Rde1  h4  31. g4  Qg6  32. f3  Nf6  33. Rf2  exf3  34. Rxf3  Rae8  35. Ref1  R6e7  36. Nd1  Ne4  37. Qa5  Qe6  38. Qb6  f6  39. Qa6  Nd2  40. R3f2  Nxf1  41. Rxf1  Qd7  42. Rf2  Re4  43. Rf5  Kh7  44. Kf2  R8e7  45. Nf3  Qb7  46. Qa5  Qc7  47. Qa6  Qg3+  48. Kg1  Rxg4  49. Ne1  Qxe1+  50. Kh2  Qxd1  51. Qxc6  Qe2  52. Qxd5  h3  53. Qf3  Rxg2+  54. Kh1  Qe1+  55. Qf1  Qg3  56. Qxg2  Qxg2#   0-1

[Event "2021 FIDE Online Olympiad"]
[Site "Chess.com"]
[Date "2021.09.04"]
[Round "8"]
[Board "4"]
[White "Ahmed, Walijah"]
[Black "Shih, Ching-An"]
[Result "1-0"]
[WhiteElo "1724"]
[BlackElo "1680"]
[PlyCount "65"]
[EventDate "2021.09.02"]
[EventType "team"]
[EventRounds "9"]
[EventCountry "FID"]
[WhiteTeam "Bangladesh"]
[BlackTeam "Chinese Taipei"]

1. e4  c5  2. Nf3  Nc6  3. d4  cxd4  4. Nxd4  d6  5. Nc3  g6  6. Be3  Bg7  7. Qd2  Nf6  8. f3  a6  9. Bc4  Na5  10. Bb3  Nxb3  11. axb3  O-O  12. O-O-O  Nd7  13. Bh6  b5  14. h4  Bb7  15. h5  Nf6  16. hxg6  fxg6  17. Bxg7  Qc8  18. Bxf8  Kxf8  19. Qh6+  Kf7  20. Qh3  Qc7  21. Ne6  Qb6  22. Ng5+  Kg7  23. Qh6+  Kg8  24. Ne6  Kf7  25. Ng5+  Kg8  26. Nxh7  Kf7  27. Nxf6  exf6  28. Qh7+  Ke6  29. Qxg6  Rc8  30. Qf5+  Ke7  31. Rh7+  Ke8  32. Qd7+  Kf8  33. Qf7#   1-0

[Event "2021 FIDE Online Olympiad"]
[Site "Chess.com"]
[Date "2021.09.04"]
[Round "8"]
[Board "5"]
[White "Bai, Adelard"]
[Black "Subrota, Biswas"]
[Result "0-1"]
[WhiteElo "1720"]
[BlackElo "2164"]
[PlyCount "72"]
[EventDate "2021.09.02"]
[EventType "team"]
[EventRounds "9"]
[EventCountry "FID"]
[WhiteTeam "Chinese Taipei"]
[BlackTeam "Bangladesh"]

1. d4  d5  2. c4  c6  3. cxd5  cxd5  4. Bf4  Nc6  5. e3  Nf6  6. Nc3  a6  7. Bd3  Bg4  8. Nge2  e6  9. h3  Bh5  10. O-O  Bd6  11. Bxd6  Qxd6  12. Qb3  O-O  13. Na4  Ne4  14. Bxe4  Bxe2  15. Bxh7+  Kh8  16. Rfe1  Bc4  17. Qc2  Nb4  18. Qb1  Bxa2  19. Rxa2  Nxa2  20. e4  Nb4  21. e5  Qc6  22. Nc5  b6  23. Nd3  Nxd3  24. Bxd3  Qa4  25. b4  a5  26. Qc1  Qxb4  27. Qe3  a4  28. Rf1  a3  29. Qf3  f5  30. exf6  Rxf6  31. Qh5+  Rh6  32. Qf7  a2  33. Qb7  a1=Q  34. Rxa1  Rxa1+  35. Kh2  Qf8  36. Qxb6  Qf4+   0-1

[Event "2021 FIDE Online Olympiad"]
[Site "Chess.com"]
[Date "2021.09.04"]
[Round "8"]
[Board "6"]
[White "Kazi Zarin, Tasnim"]
[Black "Weng, Yu-Hsin"]
[Result "0-1"]
[WhiteElo "1595"]
[BlackElo "1000"]
[PlyCount "78"]
[EventDate "2021.09.02"]
[EventType "team"]
[EventRounds "9"]
[EventCountry "FID"]
[WhiteTeam "Bangladesh"]
[BlackTeam "Chinese Taipei"]

1. e4  e6  2. d4  d5  3. Nd2  Nf6  4. e5  Nfd7  5. Ne2  c5  6. c3  b6  7. Nf3  Ba6  8. g3  Nc6  9. Bg2  Be7  10. O-O  cxd4  11. cxd4  O-O  12. Bd2  Nb4  13. a3  Nc6  14. Re1  Qc7  15. Rc1  Rac8  16. Qa4  Bc4  17. Nc3  Qb7  18. Bf1  Bxf1  19. Kxf1  Na5  20. Bg5  Bxg5  21. Nxg5  h6  22. Nf3  f6  23. Nb5  Rxc1  24. Rxc1  fxe5  25. Nxe5  Nxe5  26. dxe5  Qf7  27. Qd4  Nb3  28. Nd6  Qd7  29. Qc3  Nxc1  30. Qxc1  Qe7  31. Qb1  Qg5  32. Qe1  Qg4  33. f4  Qh3+  34. Kg1  h5  35. Qe2  Qg4  36. Qg2  h4  37. Nb5  hxg3  38. hxg3  Qd1+  39. Kh2  Rf5   0-1

[Event "2021 FIDE Online Olympiad"]
[Site "Chess.com"]
[Date "2021.09.04"]
[Round "8"]
[Board "1"]
[White "Bersamina, Paulo"]
[Black "Zeng, Chongsheng"]
[Result "1/2-1/2"]
[WhiteElo "2286"]
[BlackElo "2499"]
[PlyCount "140"]
[EventDate "2021.09.02"]
[EventType "team"]
[EventRounds "9"]
[EventCountry "FID"]
[WhiteTeam "Philippines"]
[BlackTeam "Shenzhen China"]

1. e4  c5  2. Nc3  Nc6  3. f4  d6  4. Nf3  a6  5. g3  g6  6. Bg2  Bg7  7. O-O  Nf6  8. d3  O-O  9. h3  Rb8  10. g4  b5  11. Ne2  b4  12. Ng3  a5  13. Rb1  Ba6  14. g5  Nd7  15. b3  Nd4  16. Nxd4  Bxd4+  17. Kh2  e6  18. h4  f5  19. Bb2  Bxb2  20. Rxb2  fxe4  21. Nxe4  d5  22. Ng3  Qc7  23. Qg4  Rbe8  24. Rbb1  Nb8  25. Rbe1  Bc8  26. h5  Nc6  27. Qh4  Nd4  28. Rf2  a4  29. bxa4  Bd7  30. hxg6  hxg6  31. Bh3  Bxa4  32. Kg2  Qh7  33. Qxh7+  Kxh7  34. Rc1  Kg7  35. c3  bxc3  36. Rxc3  Rc8  37. Ra3  Ra8  38. Rc3  Rac8  39. Ne2  Nf5  40. Bxf5  exf5  41. d4  c4  42. Ra3  Bc2  43. Nc3  Be4+  44. Kg3  Ra8  45. Rxa8  Rxa8  46. a4  Rb8  47. Nb5  Kf7  48. Rf1  Ke7  49. Rc1  Kd7  50. Rc3  Kc6  51. Ra3  Bc2  52. Kf2  Bxa4  53. Na7+  Kb6  54. Rxa4  Ra8  55. Rb4+  Kxa7  56. Rb5  Rd8  57. Ke3  Ka6  58. Rc5  Kb6  59. Kd2  Rd7  60. Kc3  Rd6  61. Kc2  Rd8  62. Kc3  Rd7  63. Kc2  Rd8  64. Kc3  Rd6  65. Kc2  Kb7  66. Kc3  Ka6  67. Kc2  Kb6  68. Kc3  Rd8  69. Kc2  Rd7  70. Kc3  Rd6   1/2-1/2

[Event "2021 FIDE Online Olympiad"]
[Site "Chess.com"]
[Date "2021.09.04"]
[Round "8"]
[Board "2"]
[White "Yu, Ruiyuan"]
[Black "Garcia, Jan Emmanuel"]
[Result "1-0"]
[WhiteElo "2506"]
[BlackElo "2350"]
[PlyCount "101"]
[EventDate "2021.09.02"]
[EventType "team"]
[EventRounds "9"]
[EventCountry "FID"]
[WhiteTeam "Shenzhen China"]
[BlackTeam "Philippines"]

1. e4  e5  2. Nf3  Nc6  3. Bc4  Bc5  4. c3  Nf6  5. d4  exd4  6. e5  d5  7. Bb5  Ne4  8. cxd4  Bb6  9. Nc3  O-O  10. Be3  Bg4  11. h3  Bh5  12. Qc2  Nxc3  13. Bxc6  Bxf3  14. gxf3  bxc6  15. Qxc3  Qd7  16. O-O-O  f6  17. f4  fxe5  18. fxe5  Rf3  19. h4  Raf8  20. Rdg1  R8f4  21. Qd2  Rg4  22. Qd1  Qf5  23. h5  Rxg1  24. Rxg1  Qe4  25. Bh6  Rf7  26. Rg4  Qf5  27. Qg1  g6  28. hxg6  hxg6  29. Rxg6+  Kh7  30. Rg4  Bxd4  31. Rxd4  Qxf2  32. Qxf2  Rxf2  33. Bg5  Kg6  34. Bf6  Kf5  35. Ra4  c5  36. Rxa7  Rf1+  37. Kc2  Rf2+  38. Kb3  c4+  39. Kc3  c5  40. a4  Rf3+  41. Kc2  Rf2+  42. Kb1  d4  43. a5  Rf1+  44. Ka2  Rf2  45. Rf7  Ke6  46. Re7+  Kd5  47. a6  c3  48. a7  Rxb2+  49. Ka1  Rb4  50. a8=Q+  Kc4  51. Qa6+   1-0

[Event "2021 FIDE Online Olympiad"]
[Site "Chess.com"]
[Date "2021.09.04"]
[Round "8"]
[Board "3"]
[White "Frayna, Janelle Mae"]
[Black "Zhao, Xue"]
[Result "1-0"]
[WhiteElo "2102"]
[BlackElo "2442"]
[PlyCount "107"]
[EventDate "2021.09.02"]
[EventType "team"]
[EventRounds "9"]
[EventCountry "FID"]
[WhiteTeam "Philippines"]
[BlackTeam "Shenzhen China"]

1. Nf3  Nf6  2. c4  b6  3. g3  c5  4. Bg2  Bb7  5. O-O  g6  6. b3  Bg7  7. Bb2  d6  8. d4  cxd4  9. Qxd4  Nbd7  10. Nc3  Rc8  11. Rac1  O-O  12. Qd2  Rc5  13. Rfd1  Qa8  14. Ne1  Bxg2  15. Nxg2  a6  16. Nd5  Nxd5  17. Bxg7  Kxg7  18. cxd5  Nf6  19. Rxc5  bxc5  20. Ne3  Rb8  21. Nc4  Rb4  22. Qd3  a5  23. a3  Rb8  24. a4  Rb4  25. Qf3  Nd7  26. Qc3+  Kg8  27. Qe3  Qd8  28. Rd3  Nf6  29. h3  h5  30. Qg5  Qc7  31. Qe3  Rb7  32. Qd2  Rb4  33. Qe3  Kg7  34. Kh2  Rb7  35. Qd2  Rb4  36. Qe3  Rb7  37. Qd2  Ra7  38. Qc3  Kg8  39. Kg1  Nd7  40. Kg2  Nb6  41. Nxa5  Nxa4  42. bxa4  Rxa5  43. Qc4  Qa7  44. Ra3  Qa8  45. e4  Ra7  46. Ra2  Rb7  47. a5  Rb4  48. Qe2  c4  49. a6  Qa7  50. Qe3  Qa8  51. Qc3  Rb6  52. Qxc4  Qa7  53. Qd4  Rb7  54. axb7   1-0

[Event "2021 FIDE Online Olympiad"]
[Site "Chess.com"]
[Date "2021.09.04"]
[Round "8"]
[Board "4"]
[White "Xu, Tong"]
[Black "Fronda, Jan Jodilyn"]
[Result "0-1"]
[WhiteElo "2111"]
[BlackElo "2045"]
[PlyCount "116"]
[EventDate "2021.09.02"]
[EventType "team"]
[EventRounds "9"]
[EventCountry "FID"]
[WhiteTeam "Shenzhen China"]
[BlackTeam "Philippines"]

1. e4  c5  2. Nf3  e6  3. d3  Nc6  4. g3  Nf6  5. Bg2  d6  6. O-O  Be7  7. Re1  Qc7  8. c3  O-O  9. d4  Rd8  10. d5  Ne5  11. Nxe5  dxe5  12. c4  exd5  13. exd5  Bg4  14. Qc2  Re8  15. Nc3  Bf8  16. Bg5  Nd7  17. a4  h6  18. Be3  a6  19. h3  Bh5  20. Be4  Nf6  21. Bg2  Bg6  22. Qd2  Rad8  23. Rad1  Bd6  24. Qe2  Re7  25. Bc1  Rde8  26. Ne4  Nxe4  27. Bxe4  f5  28. Bg2  Qd7  29. g4  Qxa4  30. h4  e4  31. gxf5  Bxf5  32. Qh5  Qd7  33. Qe2  Bg4  34. Qe3  Bxd1  35. Rxd1  Qf5  36. Bh3  Qf3  37. Qxf3  exf3  38. Be6+  Rxe6  39. dxe6  Rxe6  40. Be3  Kf7  41. Rd5  b6  42. Kf1  Be7  43. h5  Re4  44. b3  Ke6  45. Ke1  Re5  46. Rd3  Rxh5  47. Kd2  Rf5  48. Kc3  Bf6+  49. Kc2  h5  50. b4  h4  51. bxc5  bxc5  52. Rd1  h3  53. Kd3  h2  54. Rh1  Be5  55. Bxc5  Rg5  56. Bd4  Rg1  57. Bxe5  Rxh1  58. Bg3  Rd1+   0-1

[Event "2021 FIDE Online Olympiad"]
[Site "Chess.com"]
[Date "2021.09.04"]
[Round "8"]
[Board "5"]
[White "Concio, Michael Jr."]
[Black "Xue, Haowen"]
[Result "1-0"]
[WhiteElo "2010"]
[BlackElo "2128"]
[PlyCount "135"]
[EventDate "2021.09.02"]
[EventType "team"]
[EventRounds "9"]
[EventCountry "FID"]
[WhiteTeam "Philippines"]
[BlackTeam "Shenzhen China"]

1. c4  e6  2. Nf3  d5  3. b3  Nf6  4. Bb2  c5  5. g3  Nc6  6. Bg2  d4  7. d3  Bd6  8. O-O  O-O  9. Nbd2  e5  10. Re1  h6  11. e3  Bf5  12. exd4  exd4  13. Ne4  Nxe4  14. dxe4  Bg4  15. h3  Bh5  16. Qd2  Bc7  17. Rf1  Re8  18. e5  Bxf3  19. Bxf3  Rxe5  20. Qd1  Qd7  21. Bc1  Rae8  22. Bd2  R5e7  23. Kg2  b6  24. Bxc6  Qxc6+  25. Qf3  Qxf3+  26. Kxf3  f5  27. Rfe1  Re4  28. g4  fxg4+  29. hxg4  Rxe1  30. Bxe1  Kf7  31. Bd2  Kf6  32. Rh1  Kg6  33. Rb1  Rf8+  34. Kg2  Bf4  35. Be1  d3  36. Bc3  Bg5  37. Rd1  d2  38. Be5  Rd8  39. Kf3  Rd7  40. Ke4  Bf6  41. Bf4  Bc3  42. Be3  Bb4  43. f4  a6  44. a3  Bc3  45. a4  Bb4  46. f5+  Kf6  47. Bf2  Re7+  48. Kd3  Re1  49. Kc2  Rxd1  50. Bh4+  Ke5  51. Bg3+  Ke4  52. Kxd1  Kf3  53. Be5  Kxg4  54. Bxg7  h5  55. f6  Bc3  56. Bh8  Be5  57. f7  Bd6  58. Bg7  h4  59. f8=Q  Bxf8  60. Bxf8  h3  61. Bd6  Kf3  62. Kxd2  a5  63. Kd3  Kf2  64. Ke4  Ke2  65. Kd5  Kd3  66. Kc6  Kc3  67. Kxb6  Kxb3  68. Kb5   1-0

[Event "2021 FIDE Online Olympiad"]
[Site "Chess.com"]
[Date "2021.09.04"]
[Round "8"]
[Board "6"]
[White "Li, Xinyu"]
[Black "Marticio, Jersey"]
[Result "1/2-1/2"]
[WhiteElo "2167"]
[BlackElo "1255"]
[PlyCount "71"]
[EventDate "2021.09.02"]
[EventType "team"]
[EventRounds "9"]
[EventCountry "FID"]
[WhiteTeam "Shenzhen China"]
[BlackTeam "Philippines"]

1. d4  d5  2. c4  c6  3. cxd5  cxd5  4. Nc3  e6  5. Bf4  Bd6  6. Bxd6  Qxd6  7. e3  Nf6  8. Bd3  O-O  9. Nf3  Nc6  10. O-O  a6  11. Na4  b5  12. Nc5  e5  13. dxe5  Nxe5  14. Nxe5  Qxe5  15. Qd2  Ng4  16. g3  Qh5  17. f4  Re8  18. Rfe1  Rb8  19. Bf1  Rb6  20. h3  Nf6  21. Qg2  Ne4  22. Nxe4  dxe4  23. Red1  Qc5  24. Rd4  Rd6  25. Rad1  Rxd4  26. Rxd4  Be6  27. Qxe4  g6  28. a3  Qc1  29. Qf3  Qxb2  30. Qf2  Qxa3  31. e4  b4  32. f5  Bb3  33. f6  Be6  34. Kg2  b3  35. Qf4  b2  36. Rd1   1/2-1/2

[Event "2021 FIDE Online Olympiad"]
[Site "Chess.com"]
[Date "2021.09.04"]
[Round "8"]
[Board "1"]
[White "Kuybokarov, Temur"]
[Black "Zhakshylykov, Erzhan"]
[Result "1-0"]
[WhiteElo "2134"]
[BlackElo "1929"]
[PlyCount "113"]
[EventDate "2021.09.02"]
[EventType "team"]
[EventRounds "9"]
[EventCountry "FID"]
[WhiteTeam "Australia"]
[BlackTeam "Kyrgyzstan"]

1. e4  e5  2. Nf3  Nc6  3. Bb5  a6  4. Ba4  Nf6  5. O-O  b5  6. Bb3  Be7  7. d3  O-O  8. Nc3  d6  9. a3  h6  10. h3  Be6  11. Nd5  Na5  12. Nxf6+  Bxf6  13. Bxe6  fxe6  14. b4  Nc6  15. c3  Qe8  16. Qb3  a5  17. Be3  Rd8  18. Rfe1  a4  19. Qd1  d5  20. Qe2  Qg6  21. Bc5  Rf7  22. d4  dxe4  23. Qxe4  Qxe4  24. Rxe4  exd4  25. Rxe6  dxc3  26. Rxc6  c2  27. Rf1  Bb2  28. Be3  Bxa3  29. Rxc2  Bxb4  30. Rb1  Bf8  31. Ne5  Rf5  32. Nc6  Rdd5  33. Nd4  Rfe5  34. Rxc7  b4  35. Nc6  Re4  36. Ra7  b3  37. g4  Rd6  38. Na5  Rde6  39. Kg2  Bb4  40. Nb7  Re7  41. Rxa4  Rxb7  42. Rxb3  Rb5  43. Bd2  Bxd2  44. Ra8+  Kh7  45. Rxb5  Bc3  46. f3  Re2+  47. Kf1  Rh2  48. Kg1  Rxh3  49. Kg2  Rh4  50. Rc8  Bf6  51. Rc1  Kg6  52. Kg3  Kh7  53. Rf5  Be7  54. Rf7  Bd8  55. Rd1  Bg5  56. f4  Kg6  57. fxg5   1-0

[Event "2021 FIDE Online Olympiad"]
[Site "Chess.com"]
[Date "2021.09.04"]
[Round "8"]
[Board "3"]
[White "Ryjanova, Julia"]
[Black "Zairbek kyzy, Begimai"]
[Result "0-1"]
[WhiteElo "2242"]
[BlackElo "1649"]
[PlyCount "128"]
[EventDate "2021.09.02"]
[EventType "team"]
[EventRounds "9"]
[EventCountry "FID"]
[WhiteTeam "Australia"]
[BlackTeam "Kyrgyzstan"]

1. d4  d5  2. c4  e6  3. Nc3  Nf6  4. cxd5  exd5  5. Bg5  Be7  6. e3  O-O  7. Bd3  c6  8. Qc2  Nbd7  9. Nf3  Re8  10. O-O  Nf8  11. h3  Ne4  12. Bf4  f5  13. Ne5  g5  14. Bh2  Ng6  15. f3  Nd6  16. g4  Bf6  17. f4  Ne4  18. Nxe4  fxe4  19. Be2  Qe7  20. Rf2  Rf8  21. Raf1  gxf4  22. exf4  Bh4  23. Rg2  Bf6  24. Qc3  Re8  25. b4  a6  26. Kh1  a5  27. b5  c5  28. Nxg6  hxg6  29. Qxc5  Qxc5  30. dxc5  Kg7  31. f5  g5  32. h4  Rh8  33. hxg5  Bxg5  34. Bd1  a4  35. Bc2  Bd7  36. Rb1  Ra5  37. Kg1  Be3+  38. Kf1  Kf6  39. c6  bxc6  40. b6  c5  41. b7  Bb5+  42. Ke1  Bd4  43. b8=Q  Bc3+  44. Kd1  Rxb8  45. Bxb8  Kg5  46. Bc7  Ra7  47. Bd8+  Kf4  48. Rxb5  Rh7  49. Rg1  Bd4  50. Rf1+  Kxg4  51. f6  Rf7  52. Bxa4  e3  53. Ke2  Rh7  54. f7  Rh2+  55. Rf2  Rxf2+  56. Kd1  e2+  57. Ke1  Bc3+  58. Kxf2  e1=Q+  59. Kg2  Qe2+  60. Kh1  Qf3+  61. Kh2  Be5+  62. Kg1  Bd4+  63. Kh2  Qf2+  64. Kh1  Qg1#   0-1

[Event "2021 FIDE Online Olympiad"]
[Site "Chess.com"]
[Date "2021.09.04"]
[Round "8"]
[Board "4"]
[White "Samaganova, Alexandra"]
[Black "Zhang, Jilin"]
[Result "1/2-1/2"]
[WhiteElo "1948"]
[BlackElo "2246"]
[PlyCount "51"]
[EventDate "2021.09.02"]
[EventType "team"]
[EventRounds "9"]
[EventCountry "FID"]
[WhiteTeam "Kyrgyzstan"]
[BlackTeam "Australia"]

1. c4  Nf6  2. Nc3  g6  3. g3  Bg7  4. Bg2  O-O  5. e4  d6  6. Nge2  c5  7. O-O  Nc6  8. d3  a6  9. a3  Rb8  10. Rb1  b5  11. cxb5  axb5  12. b4  cxb4  13. axb4  Bg4  14. Be3  Nd7  15. d4  Bxe2  16. Nxe2  e5  17. Qd3  exd4  18. Nxd4  Nxd4  19. Bxd4  Ne5  20. Bxe5  dxe5  21. Rfd1  Qxd3  22. Rxd3  Rfd8  23. Rxd8+  Rxd8  24. Bf1  Bf8  25. Bxb5  Rb8  26. Bc6   1/2-1/2

[Event "2021 FIDE Online Olympiad"]
[Site "Chess.com"]
[Date "2021.09.04"]
[Round "8"]
[Board "5"]
[White "Winkelman, Albert"]
[Black "Degenbaev, Aziz"]
[Result "1-0"]
[WhiteElo "2257"]
[BlackElo "1795"]
[PlyCount "113"]
[EventDate "2021.09.02"]
[EventType "team"]
[EventRounds "9"]
[EventCountry "FID"]
[WhiteTeam "Australia"]
[BlackTeam "Kyrgyzstan"]

1. e4  e6  2. d4  d5  3. Nd2  Nc6  4. Ngf3  Nf6  5. e5  Nd7  6. Bb5  f6  7. exf6  Qxf6  8. Nf1  Bd6  9. Ne3  O-O  10. O-O  Ne7  11. Bd3  Bf4  12. Ng4  Qf7  13. Qe2  Nc6  14. h3  h5  15. Bxf4  hxg4  16. Ng5  Qxf4  17. Qxe6+  Rf7  18. Bg6  Nde5  19. Bxf7+  Qxf7  20. Nxf7  Bxe6  21. Nxe5  Nxd4  22. hxg4  g5  23. Rae1  Nxc2  24. Rc1  Nb4  25. Rxc7  d4  26. Rd1  Rd8  27. a3  Na6  28. Rxb7  Nc5  29. Rb5  Bb3  30. Rc1  d3  31. Nf3  d2  32. Nxd2  Rxd2  33. Rcxc5  Rxb2  34. Rc3  Rb1+  35. Kh2  Ba2  36. Rxb1  Bxb1  37. Rc5  Kf7  38. Rxg5  Ke6  39. Ra5  Be4  40. Rxa7  Ke5  41. Re7+  Kf4  42. Rxe4+  Kxe4  43. Kg3  Kd4  44. Kh4  Kc5  45. g5  Kb6  46. Kh5  Ka7  47. g6  Ka6  48. g7  Ka5  49. g8=Q  Ka4  50. Qc4+  Kxa3  51. Kg4  Kb2  52. Kf3  Kb1  53. Ke3  Kb2  54. Kd3  Kb1  55. Qb4+  Kc1  56. g3  Kd1  57. Qb1#   1-0

[Event "2021 FIDE Online Olympiad"]
[Site "Chess.com"]
[Date "2021.09.04"]
[Round "8"]
[Board "6"]
[White "Abaeva, Aiana"]
[Black "Middleton, Jody"]
[Result "1-0"]
[WhiteElo "1340"]
[BlackElo "1850"]
[PlyCount "127"]
[EventDate "2021.09.02"]
[EventType "team"]
[EventRounds "9"]
[EventCountry "FID"]
[WhiteTeam "Kyrgyzstan"]
[BlackTeam "Australia"]

1. e4  e6  2. d3  d5  3. Nd2  c5  4. Ngf3  Nc6  5. g3  Bd6  6. Bg2  Nge7  7. O-O  O-O  8. Re1  Qc7  9. c3  Ng6  10. Nf1  dxe4  11. dxe4  Rd8  12. Qc2  Rb8  13. Be3  b6  14. Rad1  Ba6  15. N3d2  Nce5  16. c4  Be7  17. f4  Nd3  18. Re2  Nb4  19. Qb1  Qd7  20. a3  Nc6  21. e5  Na5  22. Ree1  Qc7  23. Qc2  b5  24. b3  bxc4  25. bxc4  Nc6  26. Nf3  Qa5  27. Bd2  Qb6  28. Ne3  Nd4  29. Qc3  Bb7  30. Nc2  Bxf3  31. Bxf3  Nxf3+  32. Qxf3  Qb2  33. Qc3  Qb7  34. Be3  Qc6  35. Rd2  Qa4  36. Na1  Rxd2  37. Bxd2  Bd8  38. Rc1  Ne7  39. Qe3  Bb6  40. Qb3  Qc6  41. Nc2  Nf5  42. Qc3  Nd4  43. Nxd4  cxd4  44. Qd3  Bc5  45. Bb4  Bxb4  46. axb4  Rxb4  47. Qxd4  Qc7  48. Qd6  Qxd6  49. exd6  Kf8  50. c5  Ke8  51. c6  Rb8  52. Kf2  f6  53. Ke3  a5  54. Kd4  a4  55. d7+  Ke7  56. c7  Rb4+  57. Kc5  Kxd7  58. Kxb4  Kc8  59. Kxa4  e5  60. fxe5  fxe5  61. Kb5  e4  62. Kb6  e3  63. Rd1  e2  64. Rd8#   1-0

[Event "2021 FIDE Online Olympiad"]
[Site "Chess.com"]
[Date "2021.09.04"]
[Round "8"]
[Board "1"]
[White "Khairallah, Faisal"]
[Black "O`Donnell, Conor"]
[Result "1-0"]
[WhiteElo "2226"]
[BlackElo "2184"]
[PlyCount "45"]
[EventDate "2021.09.02"]
[EventType "team"]
[EventRounds "9"]
[EventCountry "FID"]
[WhiteTeam "Lebanon"]
[BlackTeam "Ireland"]

1. d4  Nf6  2. Bg5  d5  3. Nd2  Nbd7  4. Ngf3  b6  5. e3  Bb7  6. c3  e6  7. Ne5  Nxe5  8. dxe5  h6  9. Bh4  g5  10. Bg3  Nd7  11. h4  Rg8  12. hxg5  hxg5  13. Rh7  Bg7  14. Qh5  Nf8  15. Nf3  Nxh7  16. Qxh7  Kd7  17. Qh5  f6  18. O-O-O  c6  19. e4  Qe8  20. Qh7  Qe7  21. exd5  cxd5  22. Bb5+  Bc6  23. exf6   1-0

[Event "2021 FIDE Online Olympiad"]
[Site "Chess.com"]
[Date "2021.09.04"]
[Round "8"]
[Board "2"]
[White "Jessel, Stephen"]
[Black "Antonios, Johnny"]
[Result "1-0"]
[WhiteElo "2294"]
[BlackElo "2198"]
[PlyCount "51"]
[EventDate "2021.09.02"]
[EventType "team"]
[EventRounds "9"]
[EventCountry "FID"]
[WhiteTeam "Ireland"]
[BlackTeam "Lebanon"]

1. Nf3  Nf6  2. c4  b6  3. g3  c5  4. Bg2  Bb7  5. O-O  g6  6. b3  Bg7  7. Bb2  O-O  8. Nc3  d5  9. Nxd5  Nxd5  10. Bxg7  Kxg7  11. cxd5  Qxd5  12. d4  cxd4  13. Qxd4+  Qxd4  14. Nxd4  Bxg2  15. Kxg2  a5  16. Rac1  Na6  17. Rc6  Rab8  18. a3  Rfd8  19. e3  Rd5  20. Rb1  e5  21. Nf3  f6  22. g4  Rb5  23. g5  fxg5  24. Nxg5  Rb7  25. Ne4  Nc5  26. Nd6   1-0